000 00855nam a2200265Ia 4500
003 OSt
005 20220918171044.0
006 a|||||r|||| 00| 0
007 ta
008 220917b |||||||| |||| 00| 0 eng d
020 _a9781138366534 (hbk)
_cUKP 115.00
024 _a353,177
037 _b232, 06/03/2020, Classic Book Service
_cTextual
040 _aARTS
_cARTS
_beng
041 _2eng
_aeng
082 _aO111:gN, Q9
100 _aChiari Sophie Au.
_933675
245 0 _aFreedom amd censorship in early modern english literature
260 _aNew York
_bRoutledge USA
_c2019
300 _axii,235p.
_ccm.
490 _aRoutledge studies in renaossance and culture
650 _aENGLISH LITERATURE
942 _hO111:gN, Q9
_cTEXL
_2CC
999 _c137606
_d137606